Statistiques concernant Trouvez le département mystère avec des indices de couleur #2

Cliquez ici pour prendre le quiz!

Statistiques générales

  • Ce quiz a été pris 13 413 fois
  • Le résultat moyen est 21 sur 96

Réponses sur la Carte

Les réponses sont colorées sur une échelle allant du rouge au vert en fonction du pourcentage des utilisateurs qui les ont devinées à leur premier essai. Vous pouvez retrouver ces pourcentages ci-dessous.
 

Statistiques - réponses

Départements% Correct
83Var
39%
75Paris
37%
69Rhône (et métropole de Lyon)
37%
1Ain
35%
42Loire
35%
34Hérault
33%
30Gard
30%
81Tarn
29%
13Bouches-du-Rhône
28%
46Lot
28%
23Creuse
27%
33Gironde
27%
59Nord
27%
11Aude
26%
15Cantal
26%
32Gers
26%
3Allier
25%
38Isère
25%
48Lozère
25%
84Vaucluse
25%
2Aisne
24%
6Alpes-Maritimes
24%
7Ardèche
24%
18Cher
24%
19Corrèze
24%
26Drôme
24%
29Finistère
24%
31Haute-Garonne
24%
40Landes
24%
63Puy-de-Dôme
24%
9Ariège
23%
36Indre
23%
73Savoie
23%
67Bas-Rhin
22%
24Dordogne
22%
47Lot-et-Garonne
22%
66Pyrénées-Orientales
22%
82Tarn-et-Garonne
22%
10Aube
21%
16Charente
21%
27Eure
21%
43Haute-Loire
21%
45Loiret
21%
2ACorse-du-Sud
20%
25Doubs
20%
68Haut-Rhin
20%
35Ille-et-Vilaine
20%
39Jura
20%
56Morbihan
20%
57Moselle
20%
58Nièvre
20%
60Oise
20%
62Pas-de-Calais
20%
64Pyrénées-Atlantiques
20%
80Somme
20%
85Vendée
20%
86Vienne
20%
89Yonne
20%
4Alpes-de-Haute-Provence
19%
8Ardennes
19%
14Calvados
19%
21Côte-d'Or
19%
22Côtes-d'Armor
19%
79Deux-Sèvres
19%
91Essonne
19%
2BHaute-Corse
19%
5Hautes-Alpes
19%
74Haute-Savoie
19%
65Hautes-Pyrénées
19%
87Haute-Vienne
19%
92Hauts-de-Seine
19%
44Loire-Atlantique
19%
49Maine-et-Loire
19%
50Manche
19%
51Marne
19%
53Mayenne
19%
55Meuse
19%
61Orne
19%
71Saône-et-Loire
19%
72Sarthe
19%
77Seine-et-Marne
19%
76Seine-Maritime
19%
88Vosges
19%
78Yvelines
19%
12Aveyron
18%
17Charente-Maritime
18%
28Eure-et-Loir
18%
52Haute-Marne
18%
70Haute-Saône
18%
37Indre-et-Loire
18%
41Loir-et-Cher
18%
54Meurthe-et-Moselle
18%
93Seine-Saint-Denis
18%
90Territoire de Belfort
18%
94Val-de-Marne
18%
95Val-d'Oise
18%

Distribution des résultats

Percentile par nombre de réponses

% des personnes avec chaque résultat

Votre développement - résultats

Vous n’avez pas pris ce quiz